000 002710000a22000970004500
100 1 _aPérez Fernández, Miguel
245 1 0 _aTradiciones rabínicas en el Nuevo Testamento
300 _avol. 50, núm 4 (20029, Páginas 493-502
773 0 _tEstudios Bíblicos
942 _cANA
999 _c50332
_d50332